000 01368nam a22003737a 4500
003 CHAP
005 20220817044155.0
008 070629s2007 it a r 00010 eng d
010 _a93829
011 _a94801
020 _a9789250056692
035 _a105398
040 _cCHAP
082 1 0 _a639.2
_bF46 v.820
110 2 _aFAO. Comisión General de Pesca para el Mediterráneo
_939486
245 1 0 _aReport of the workshop on standardization of selectivity methods applied to trawling in the mediterranean sea:
_bSète, France, 9--11 february 2005
_c/by FAO. Comisión General de Pesca para el Mediterráneo
260 _aRome :
_bFAO,
_c2007.
300 _a38 p. :
_btablas
490 0 _aFAO. Informe de pesca
_v; 820
500 _aEdición bilingüe (inglés, francés)
590 _aBATCH-UPD
_b10
_c20130110
_lUCH01
_h0620
590 _aBATCH-UPD
_b10
_c20130410
_lUCH01
_h0302
590 _aBATCH-UPD
_b10
_c20130914
_lUCH01
_h1350
590 _aCONVERSION
_b10
_c20130109
_lUCH01
_h1352
650 1 4 _aPesca.
650 1 4 _aPesca
_xMediterráneo.
_987400
650 1 4 _aPesca
_xMétodos.
_987402
650 1 4 _aPesca
_xRegión Mediterránea.
_987410
830 0 _aFAO. Informe de pesca
_v; 820
_939587
901 _aBK
905 _aMarco A. Mendoza T.
942 _cLIBRO
949 _a639.2 F46 v.820
_bBC
_cFAO
_d33724002034108
_eFAO1
_gDonaciØn
_h108734
_i105398
_sb
999 _c93829
_d93829